Tariffa de pesi e mesure correspondenti dal leuante al pone[n]te : da vna terra a laltra e a tutte le parte del mondo : con la noticia delle robe che se trazeno da vno paese per laltro.

Bibliographic Details
Main Author: Di Pasi, Bartholomeo
Format: eBook
Language:Italian
Published: Stampata in Venetia : Per Alexa[n]dro di Bindoni, Adi 9 octobrio 1521.
Edition:Nouamente co[n] diligentia ristampata.
Series:Making of the modern world (Goldsmiths'-Kress Library of Economic Literature)
Subjects:
Online Access:Connect to the full text of this electronic book

MARC

Tag First Indicator Second Indicator Subfields
LEADER 00000cam a2200000La 4500
001 in00002310607
005 20190326194008.0
006 m | d |
007 cr |n||||||||n
008 880705r19741521ctu s 000 0 ita d
040 |a GKS  |c GKS  |d OCL  |d Thomson Gale  |d UtOrBLW 
100 1 |a Di Pasi, Bartholomeo. 
245 1 0 |a Tariffa de pesi e mesure correspondenti dal leuante al pone[n]te :  |b da vna terra a laltra e a tutte le parte del mondo : con la noticia delle robe che se trazeno da vno paese per laltro. 
250 |a Nouamente co[n] diligentia ristampata. 
264 1 |a Stampata in Venetia :  |b Per Alexa[n]dro di Bindoni,  |c Adi 9 octobrio 1521. 
300 |a 218 leaves, 16 unnumbered pages 
336 |a text  |b txt  |2 rdacontent 
337 |a computer  |b c  |2 rdamedia 
338 |a online resource  |b cr  |2 rdacarrier 
500 |a Imprint from colophon. 
500 |a Reproduction of original from Goldsmiths' Library, University of London. 
500 |a Goldsmiths'-Kress number 00014. 
510 4 |a OCLC,  |c 20883761 
533 |a Electronic reproduction.  |b Farmington Hills, Mich. :  |c Thomson Gale,  |d 2005.  |f (The making of the modern world).  |n Available via the World Wide Web.  |n Access limited to licensing agreements.  |7 s2005 miunns 
500 |a Electronic resource. 
650 0 |a Weights and measures  |v Early works to 1800. 
655 0 |a Electronic books. 
830 0 |a Making of the modern world (Goldsmiths'-Kress Library of Economic Literature) 
856 4 0 |u http://proxy.library.tamu.edu/login?url=http://galenet.galegroup.com/servlet/MOME?af=RN&ae=U103916652&srchtp=a&ste=14&locID=txshracd2898  |z Connect to the full text of this electronic book  |t 0 
999 |a MARS 
999 f f |s 9f0a237b-f433-3118-a6a2-fcefbf32cdae  |i e0ac4aac-8b69-30c5-b8e5-ba4454c18b00  |t 0 
952 f f |a Texas A&M University  |b College Station  |c Electronic Resources  |d Available Online  |t 0  |h No information provided 
998 f f |t 0  |l Available Online